书目信息 |
| 题名: |
雾都谍影--英国情报机构揭秘
|
|
| 作者: | 章涌 编 | |
| 分册: | ||
| 出版信息: | 北京 国防大学出版社 1998.09 |
|
| 页数: | 286页 | |
| 开本: | 32开 | |
| 丛书名: | ||
| 单 册: | ||
| 中图分类: | D756.136 | |
| 科图分类: | ||
| 主题词: | 政治 | |
| 电子资源: | ||
| ISBN: | 7-5626-0886-5 | |
| 000 | 00580nam0 2200193 45 | |
| 001 | 0010271633 | |
| 005 | 20001027163826.2 | |
| 010 | @a7-5626-0886-5@d12.80元 | |
| 100 | @a20001027d1998 km y0chiy0120 ea | |
| 101 | 0 | @achi |
| 105 | @a z 000yy | |
| 200 | 1 | @a雾都谍影--英国情报机构揭秘@AWu Dou Die Ying--Ying Guo Qing Bao Ji Gou Jie Mi@f章涌 等编@FZhang Yong Deng Bian |
| 210 | @a北京@c国防大学出版社@d1998.09 | |
| 215 | @a286页@d32开 | |
| 606 | 0 | @a政治 |
| 690 | @aD756.136@v3 | |
| 701 | 0 | @a章涌@4编 |
| 801 | @aCN@bPftUser@c20001027 | |
| 905 | @b192832-834@dD756.136@eZH.309@f3 | |
| 雾都谍影--英国情报机构揭秘/章涌 等编.-北京:国防大学出版社,1998.09 |
| 286页;32开 |
| ISBN 7-5626-0886-5:12.80元 |
| ● |
| 相关链接 |
|
|
|
正题名:雾都谍影--英国情报机构揭秘
索取号:D756.136/ZH.309
 
预约/预借
| 序号 | 登录号 | 条形码 | 馆藏地/架位号 | 状态 | 备注 |
| 1 | 192832 | 201928325 | 社科库509/509社科库 78排1列4层/ [索取号:D756.136/ZH.309] | 在馆 | |
| 2 | 192833 | 201928334 | 社科库509/509社科库 78排1列4层/ [索取号:D756.136/ZH.309] | 在馆 | |
| 3 | 192834 | 201928343 | 社科库509/509社科库 78排1列4层/ [索取号:D756.136/ZH.309] | 在馆 |